Nghiệp vụ giao nhận vận tải và bảo hiểm trong ngoại thương

Kaydedildi:
Detaylı Bibliyografya
Yazar:  Phạm, Mạnh Hiền
Materyal Türü: Sách
Dil:Undetermined
Baskı/Yayın Bilgisi:  Lao động - Xã hội  2012
Konular:
Etiketler: Etiketle
Etiket eklenmemiş, İlk siz ekleyin!
Thư viện lưu trữ: Trung tâm Thư viện - Trường Đại học Công nghiệp TP. Hồ Chí Minh
LEADER 00590nam a2200157Ia 4500
001 UIH_05029
008 231011s9999 xx 000 0 und d
082 |a  382.1 
100 |a  Phạm, Mạnh Hiền 
245 0 |a  Nghiệp vụ giao nhận vận tải và bảo hiểm trong ngoại thương 
245 0 |c  Phạm, Mạnh Hiền 
260 |b  Lao động - Xã hội 
260 |c  2012 
650 |a  Ngoại thương; Bảo hiểm hàng hải;  
927 |a Sách 
980 |a Trung tâm Thư viện - Trường Đại học Công nghiệp TP. Hồ Chí Minh